Southville International School and Colleges
Your cart is empty.
  • Cart
  • Lists
    Public lists Eva Luna New books Lux_list list_1
    Your lists Log in to create your own lists
  • Log in to your account
  • Your cookies
  • Search history
Southville International School and Colleges
  • Advanced search
  • Recent comments
  • Most popular
  • Libraries

Log in to your account

Log in with GOOGLE


If you do not have an external account, but do have a local account, you can still log in:

  1. Home
  2. MARC view: The teeny tiny woman /
Normal view MARC view ISBD view

The teeny tiny woman / (Record no. 113737)

[ view plain ]
MARC details
000 -LEADER
fixed length control field 00731nam a2200229 a 4500
001 - CONTROL NUMBER
control field 4006
005 - DATE AND TIME OF LATEST TRANSACTION
control field 20140414132036.0
008 - FIXED-LENGTH DATA ELEMENTS--GENERAL INFORMATION
fixed length control field 040202s19uu xx 00 eng d
020 ## - INTERNATIONAL STANDARD BOOK NUMBER
International Standard Book Number 0-394-88320-9
050 ## - LIBRARY OF CONGRESS CALL NUMBER
Classification number TR
Item number T22 1986
100 ## - MAIN ENTRY--PERSONAL NAME
Personal name O'Connor, Jane
245 ## - TITLE STATEMENT
Title The teeny tiny woman /
Statement of responsibility, etc Jane O'Connor.
260 ## - PUBLICATION, DISTRIBUTION, ETC. (IMPRINT)
Place of publication, distribution, etc U.S.A :
Name of publisher, distributor, etc Random House,
Date of publication, distribution, etc 1986.
300 ## - PHYSICAL DESCRIPTION
Extent 30 p. ; cm.
440 ## - SERIES STATEMENT/ADDED ENTRY--TITLE
Title Step into reading
520 ## - SUMMARY, ETC.
Summary, etc A teeny tiny woman who puts a teeny tiny bone she find in a churchyard away in a cupboard before she goes to sleep is awakened by a voice demanding the return of the bone.
650 ## - SUBJECT ADDED ENTRY--TOPICAL TERM
Topical term or geographic name as entry element Ghost
General subdivision Folklore.
650 ## - SUBJECT ADDED ENTRY--TOPICAL TERM
Topical term or geographic name as entry element Folklore
General subdivision England.
Holdings
Withdrawn status Lost status Damaged status Use restrictions Home library Current library Shelving location Date acquired Source of acquisition Total Checkouts Full call number Barcode Date last seen Price effective from Koha item type
        Munich Library Munich Library Teachers Reference Section 10/10/2006     TR T22 1986 M5364 04/14/2014 04/14/2014 Books
        Munich Library Munich Library Teachers Reference Section 06/04/2010     TR T22 1986 M5363 04/14/2014 04/14/2014 Books
        Munich Library Munich Library Teachers Reference Section 03/21/2011     TR T22 1986 M5362 04/14/2014 04/14/2014 Books

The teeny tiny woman /

APA

O'Connor J., . (1986). The teeny tiny woman. U.S.A: Random House.

Chicago

O'Connor Jane, . 1986. The teeny tiny woman. U.S.A: Random House.

Harvard

O'Connor J., . (1986). The teeny tiny woman. U.S.A: Random House.

MLA

O'Connor Jane, . The teeny tiny woman. U.S.A: Random House. 1986.

  • Place hold
  • Print
  • Cite
  • Add to your cart (remove)
  • Save record
    BIBTEX Dublin Core MARCXML MARC (non-Unicode/MARC-8) MARC (Unicode/UTF-8) MARC (Unicode/UTF-8, Standard) MODS (XML) RIS
  • More searches
    Search for this title in:
    Other Libraries (WorldCat) Other Databases (Google Scholar) Online Stores (Bookfinder.com) Open Library (openlibrary.org)

Exporting to Dublin Core...

SOUTHVILLE LIBRARY

Southville International School and Colleges Library

1281 Tropical Ave. Cor. Luxembourg St., BF Homes International, Las Pinas City

Tel. No. 8256374 / 252358 Loc. 117/146

Powered by Koha